Statistics for Cities with Direct Flights from the US

Click here to take the quiz!

General Stats

  • This quiz has been taken 296 times
  • The average score is 89 of 231

Answer Stats

ContinentDestination% Correct
EuropeLondon
93%
AfricaCairo
91%
EuropeParis
91%
EuropeMadrid
88%
AfricaJohannesburg
87%
AsiaTokyo
86%
Europe | South AmericaBarcelona
85%
AsiaBeijing
85%
EuropeMilan
85%
EuropeRome
85%
OceaniaSydney
85%
EuropeBerlin
82%
EuropeLisbon
82%
North AmericaMexico City
82%
North AmericaToronto
82%
EuropeDublin
81%
EuropeStockholm
81%
EuropeMoscow
80%
EuropeAmsterdam
79%
South AmericaRio de Janeiro
79%
AsiaShanghai
79%
EuropeBrussels
78%
EuropeFrankfurt
78%
OceaniaMelbourne
78%
EuropeOslo
78%
South AmericaBuenos Aires
77%
EuropeMunich
77%
North AmericaVancouver
77%
AsiaDubai
76%
AsiaHong Kong
76%
EuropeAthens
75%
OceaniaAuckland
75%
South AmericaBogotá
75%
AfricaLagos
75%
South AmericaSão Paulo
75%
EuropeHelsinki
73%
EuropeIstanbul
73%
South AmericaLima
73%
North AmericaMontreal
73%
AsiaSeoul
73%
EuropeVienna
73%
South AmericaSantiago
72%
AfricaCasablanca
71%
AsiaDelhi
71%
AsiaOsaka
71%
EuropeCopenhagen
70%
AsiaMumbai
70%
EuropeZürich
70%
EuropeWarsaw
68%
North AmericaCalgary
67%
North AmericaEdmonton
67%
North AmericaPanama City
67%
EuropeGlasgow
66%
North AmericaHavana
66%
AsiaManila
66%
AsiaSingapore
66%
AfricaAddis Ababa
65%
OceaniaBrisbane
65%
EuropeEdinburgh
65%
EuropePorto
65%
AsiaAbu Dhabi
63%
South AmericaBrasília
63%
South AmericaCaracas
63%
AsiaGuangzhou
63%
AfricaNairobi
63%
EuropePrague
63%
AsiaTel Aviv
63%
EuropeVenice
63%
North AmericaCancun
62%
AsiaDoha
61%
EuropeBudapest
59%
EuropeGeneva
59%
EuropeReykjavik
59%
AsiaRiyadh
59%
EuropeNaples
58%
AsiaTaipei
58%
South AmericaQuito
57%
North AmericaSan José
57%
North AmericaKingston
56%
North AmericaGuatemala City
55%
EuropeKiev
55%
AfricaDakar
54%
North AmericaOttawa
54%
North AmericaNassau
53%
North AmericaQuebec City
53%
EuropeNice
51%
South AmericaMedellín
50%
North AmericaMonterrey
50%
North AmericaGuadalajara
49%
North AmericaSanto Domingo
49%
North AmericaWinnipeg
49%
AfricaAccra
48%
North AmericaCockburn Town
47%
North AmericaSan Salvador
47%
North AmericaHalifax
46%
South AmericaMontevideo
46%
EuropeDüsseldorf
44%
North AmericaSt. John's
43%
AsiaWuhan
43%
North AmericaPort-au-Prince
42%
AsiaShenzhen
42%
AsiaAmman
41%
AsiaJeddah
41%
AsiaNagoya
41%
North AmericaTegucigalpa
41%
AsiaChengdu
39%
AsiaKuwait City
39%
AsiaXi'an
39%
EuropeBelgrade
38%
North AmericaManagua
38%
South AmericaBelo Horizonte
37%
North America | South AmericaGeorgetown
37%
North AmericaGreat Exuma
37%
South AmericaGuayaquil
37%
South AmericaSantiago de Cali
37%
EuropeStuttgart
35%
South AmericaManaus
34%
North AmericaPort of Spain
34%
AsiaXiamen
34%
AfricaAbidjan
32%
North AmericaBelize City
32%
AsiaChongqing
32%
South AmericaRecife
32%
South AmericaFortaleza
30%
EuropeKraków
30%
North AmericaRegina
30%
South AmericaSalvador da Bahia
30%
AsiaSapporo
30%
EuropeShannon
30%
EuropeBelfast
29%
AsiaNanjing
29%
North AmericaSaskatoon
29%
North AmericaBridgetown
28%
EuropeCork
27%
OceaniaApia
26%
AsiaHangzhou
25%
EuropeMálaga
25%
AsiaQingdao
24%
South AmericaCartagena
23%
North AmericaMontego Bay
23%
North AmericaPunta Cana
23%
South AmericaBelém
22%
AsiaBaku
21%
North AmericaHamilton
21%
North AmericaPuerto Vallarta
21%
AfricaPraia
19%
OceaniaTahiti
19%
AsiaTashkent
19%
South AmericaCordoba
18%
OceaniaNadi
18%
AsiaShenyang
18%
EuropeBergen
17%
AsiaChangsha
17%
South AmericaBarranquilla
16%
North AmericaMérida
16%
South AmericaSanta Cruz
16%
North AmericaWhitehorse
16%
South AmericaAruba
15%
North AmericaBermuda
15%
North AmericaCozumel
15%
South AmericaCuraçao
15%
EuropeDubrovnik
15%
AsiaFuzhou
15%
North AmericaFreeport
13%
AsiaJinan
13%
North AmericaOaxaca
13%
North AmericaPuebla
13%
North AmericaLeón
12%
North AmericaLiberia
12%
EuropeBologna
11%
North AmericaSan Pedro Sula
11%
North AmericaChihuahua
10%
South AmericaMaracaibo
10%
North AmericaSaint Kitts
10%
South AmericaCampinas
9%
North AmericaSaint Vincent
9%
South AmericaBonaire
8%
North AmericaKelowna
8%
North AmericaMazatlán
8%
North AmericaAguascalientes
6%
South AmericaArmenia
6%
North AmericaDurango
6%
North AmericaGrenada
6%
OceaniaMajuro
6%
North AmericaVeracruz
6%
North AmericaHolguín
5%
South AmericaPereira
5%
North AmericaProvidenciales
5%
North AmericaPuerto Plata
5%
North AmericaSint Maarten
5%
North AmericaLos Cabos
4%
North AmericaQuerétaro
4%
North AmericaRoatán
4%
North AmericaCamagüey
3%
North AmericaCap-Haïtien
3%
North AmericaCuliacán
3%
North AmericaFort-de-France
3%
North AmericaHermosillo
3%
OceaniaKiritimati
3%
North AmericaLa Romana
3%
EuropeMachester
3%
North AmericaMarsh Harbour
3%
North AmericaMorelia
3%
North AmericaNorth Eleuthera
3%
North AmericaPointe-à-Pitre
3%
North AmericaSan Luis Potosí
3%
North AmericaTobago
3%
North AmericaZacatecas
3%
North AmericaZihuatanejo
3%
North AmericaLoreto
2%
North AmericaManzanillo
2%
EuropePonta Delgado
2%
EuropeRzeszów
2%
North AmericaSanta Clara
2%
North AmericaSantiago de los Caballeros
2%
North AmericaTampico
2%
North AmericaUruapan
2%
North AmericaVieux-Fort
2%
North AmericaAbbotsford
1%
OceaniaAvarua
1%
North AmericaBarter Island
1%
North AmericaBimini
1%
North AmericaCayman Brac
1%
North AmericaGovernor's Harbour
1%
North AmericaHuatulco
1%
EuropeLajes
1%
North AmericaTorreón
1%
North AmericaTreasure Cay
1%

Score Distribution

Percentile by Number Answered

Percent of People with Each Score

Your Score History

You have not taken this quiz